| 000 | 00746nam a2200229 i 4500 | ||
|---|---|---|---|
| 001 | bg | ||
| 245 | 0 | 0 |
_aPrawa i obowiązki akcjonariuszy spółek publicznych / _cBeata Binek [et al.] ; Komisja Nadzoru Finansowgo. |
| 250 | _aWyd. 3 zaktualiz., stan prawny na dzień 19 września 2006 r. | ||
| 260 |
_aWarszawa : _bKNF, _c2007. |
||
| 300 |
_a219 s. : _bwykr. ; _c21 cm. |
||
| 650 | 9 |
_aAkcjonariusze _xprawo _zPolska _ystan na 2006 r. |
|
| 650 | 9 |
_aSpółki publiczne _xprawo _zPolska _ystan na 2006 r. |
|
| 700 | 1 | _aBINEK, Beata | |
| 015 | _aPB 5972/2005 | ||
| 020 | _a9788392483100 | ||
| 040 | _cBPK | ||
| 041 | 0 | _apol | |
| 080 | _a347.725(438) | ||
| 920 | _a978-83-924831-0-0 | ||
| 942 | _cKS | ||
| 008 | s pl f |000 0 pol | ||
| 999 |
_c53710 _d53710 |
||
| 856 |
_uhttp://koha.tu.koszalin.pl/cgi-bin/koha/opac-detail.pl?biblionumber=53710 _yKatalog online BPK |
||